000
00321nam a2200133Ia 4500
008
150731s2014 xx 000 0 und d
082
_a
611
_b
H 14 U
100
_a
USHA V.
245
_a
HUMAN EMBRYOLOGY MADE EASY
250
_a
1 ST
260
_b
AHUJA PUBLISHING HOUSE DELHI
_c
2014
300
_a
100
942
_2
ddc
_c
BK
_0
42
999
_c
7955
_d
7955